000 00626nam a2200217 4500
003 OSt
005 20240604110029.0
006 a
008 240604b |||||||| |||| 00| 0 eng d
020 _a9780071325998
040 _aDWCL-Main lib.
_cOC
082 _aCirc. 657.046 B168e 2012
100 _aBaker, Richard E
245 _aEssentials of advanced financial accounting /
260 _aNew York :
_b McGraw-Hill,
_cc2012.
300 _axxviii, 746 pages :
_b746 pages : illustrations ;
_c28 cm.
504 _aIncludes index
650 _a1. Accounting.
700 _aRichard E Baker
942 _2ddc
_n0
_cBK-CIRC
_kCirc.
999 _c112
_d112